000 00528nam a2200217 a 4500
999 _c5897
_d5897
001 5897
003 BD-JhCC
005 20171231114809.0
008 171230s e a|||| ||a| 000 0 eng d
035 _a(BD-JhCC) 5897
040 _aBD-JhCC
_dBD-JhCC
041 _aeng
082 _a629.113
_bCAR
100 _aCAREY, DAVID
245 _aHow it works -THE AEROPLANE /
_c DAVID CAREY
260 _aLONDON ;
_bLadybird Books ltd ,
300 _a48 p .:
_c17 cm .
650 _aAirplanes
942 _2ddc
_cBK